Представление документа в формате MARC21

Поле Инд. ПП Название Значение
Тип записи a
Библиографический уровень b
001 Контрольный номер RU/IS/BASE/264553436
005 Дата корректировки 20200522190620.6
008 Кодируемые данные 19960701
084 a Индекс другой классификации/Индекс ББК 65.292.34-28
097 00 a 750
100 10 a Автор Кошкин В.
245 00 a Заглавие К реализации государственных интересов в смешанных акционерных обществах
650 a Основная рубрика экономика
a Основная рубрика экономика предприятия
653 00 a Ключевые слова акционерное общество (АО)
a Ключевые слова акционирование предприятий
a Ключевые слова государственное регулирование
a Ключевые слова государственный контроль
a Ключевые слова контрактная система
a Ключевые слова менеджмент (управление предприятием)
a Ключевые слова микроэкономика
a Ключевые слова Россия
a Ключевые слова смешанные предприятия
a Ключевые слова управленческий контроль
a Ключевые слова финансовый контроль
773 00 t Заглавие источника Российский экономический журнал
d Дата издания источника 1996
g Прочая информация № 4. - С. 10 - 17
w Контрольный № источника RU/IS/BASE/140877614
901 t Тип документа b